LEVENT YÜZYILLIK MEKTUBUN GİZEMİ (Record no. 1290425)
[ view plain ]
| 000 -LEADER | |
|---|---|
| sabit uzunluktaki kontrol alanı | 00271nam a2200097Ia 4500 |
| 001 - KONTROL NUMARASI | |
| kontrol alanı | 1290425 |
| 005 - EN SON İŞLEMİN TARİH VE ZAMANI | |
| kontrol alanı | 20260417164515.0 |
| 008 - SABİT-UZUNLUKTA VERİ ÖĞELERİ--GENEL BİLGİ | |
| sabit uzunluktaki kontrol alanı | 260417s9999 xx 000 0 und d |
| 245 #0 - ESER / YAZAR | |
| ESER ADI | LEVENT YÜZYILLIK MEKTUBUN GİZEMİ |
| Yazar Adı | MUSTAFA ORAKÇI |
| 260 ## - YAYIN, DAĞITIM, VB. | |
| YAYIN EVİ | TİMAŞ ÇOCUK YAYINLARI |
| Düşüm durumu | Kayıp durumu | Hasar Durumu | Ödünç verilmez | Ana kütüphane | Geçerli Kütüphane | Edinilen tarih | Toplam ödünç verme sayısı | Barkod | Son görüntüleme tarihi | Fiyatın geçerli olmaya başladığı tarih | Koha materyal türü |
|---|---|---|---|---|---|---|---|---|---|---|---|
| ŞERİFE AKKANAT İLKOKULU | ŞERİFE AKKANAT İLKOKULU | 17.04.2026 | 11054176 | 17.04.2026 | 17.04.2026 | Books |